000 00404nam a2200181Ia 4500
001 17995
005 20260306171558.0
008 260306s9999||||xx |||||||||||||| ||und||
041 _aESP
082 _a658.302
_bB77
100 _aBounds, Gregory M.
_eAUT
245 0 _aSupervisión
260 _c1999
300 _a418 pƔginas :
_c
650 _aGEN
654 _aCAN
942 _cLIB
_dJUS
_fJUS
_2ddc
_n
999 _c17995
_d17995